00297 a2200109 450000500170000002000180001708200120003510000130004724500430006026000330010330000510013620250310080157.0 a0-415-18460-6 a174 CAR aCARR, D. aProfessionalism and Ethics in Teaching aNew York,bRoutledge,c2000. axvi, 275p.bBibliography, index, notes.c22cm.